Daytona 500 Pole Winners - Statistics

General Stats
  • This quiz has been taken 86 times
    12 since last reset
  • The average score is 39 of 68
Answer Stats
Year MPH Pole Winner % Correct
1996 189.51 Dale Earnhardt
100%
2011 186.089 Dale Earnhardt, Jr.
100%
1999 195.067 Jeff Gordon
100%
2015 201.293 Jeff Gordon
100%
1985 205.114 Bill Elliott
90%
1986 205.039 Bill Elliott
90%
1987 210.364 Bill Elliott
90%
2001 183.565 Bill Elliott
90%
2016 196.314 Chase Elliott
90%
2017 192.872 Chase Elliott
90%
2026 183.925 Kyle Busch
90%
1993 189.426 Kyle Petty
90%
1966 175.163 Richard Petty
90%
1968 189.222 Cale Yarborough
80%
1970 194.015 Cale Yarborough
80%
1978 197.536 Cale Yarborough
80%
1984 201.848 Cale Yarborough
80%
1991 195.955 Davey Allison
80%
1975 185.827 Donnie Allison
80%
1977 188.048 Donnie Allison
80%
2002 185.831 Jimmie Johnson
80%
2008 187.075 Jimmie Johnson
80%
2019 194.304 William Byron
80%
1995 193.498 Dale Jarrett
70%
2000 191.091 Dale Jarrett
70%
2005 188.312 Dale Jarrett
70%
2013 196.434 Danica Patrick
70%
2022 181.159 Kyle Larson
70%
1992 192.213 Sterling Marlin
70%
2018 195.644 Alex Bowman
60%
2021 191.261 Alex Bowman
60%
2023 181.686 Alex Bowman
60%
2014 196.019 Austin Dillon
60%
2025 182.745 Chase Briscoe
60%
1974 185.817 David Pearson
60%
2024 181.947 Joey Logano
60%
2010 191.188 Mark Martin
60%
1998 192.415 Bobby Labonte
50%
1969 188.901 Buddy Baker
50%
1973 185.662 Buddy Baker
50%
1979 196.049 Buddy Baker
50%
1980 194.009 Buddy Baker
50%
1981 194.624 Buddy Baker
50%
2012 194.738 Carl Edwards
50%
1988 193.823 Ken Schrader
50%
1989 196.996 Ken Schrader
50%
1990 196.515 Ken Schrader
50%
2020 194.582 Ricky Stenhouse, Jr.
50%
1971 182.744 A.J. Foyt
40%
2007 186.32 David Gilliland
40%
2009 188.001 Martin Truex, Jr.
40%
1982 196.317 Benny Parsons
30%
1961 155.709 Fireball Roberts
30%
1962 156.999 Fireball Roberts
30%
1963 160.943 Fireball Roberts
30%
2004 188.387 Greg Biffle
30%
2006 189.151 Jeff Burton
30%
1994 190.158 Loy Allen, Jr.
30%
1997 189.813 Mike Skinner
20%
1983 198.864 Ricky Rudd
20%
1972 186.632 Bobby Isaac
10%
1959 140.121 Bob Welborn
10%
1960 149.892 Cotton Owens
10%
1967 180.831 Curtis Turner
10%
1965 171.151 Darel Dieringer
10%
2003 186.606 Jeff Green
10%
1964 174.91 Paul Goldsmith
10%
1976 183.456 Ramo Stott
10%
No matching quizzes found
Score Distribution
Percent of People with Each Score
Percentile by Number Answered
Your Score History
You have not taken this quiz since the last reset